Word Scramble Geography by Letter - V - Statistics

General Stats
  • This quiz has been taken 305 times
  • The average score is 4 of 5
Answer Stats
Answer % Correct
Venice
100%
Vaduz
90%
Venezuela
90%
Volga
89%
Vietnam
88%
Vanuatu
87%
Vienna
86%
Vatican City
83%
Virginia
82%
Victoria
81%
Vancouver
80%
Vilnius
78%
Valletta
76%
Valencia
75%
Vermont
67%
Vientiane
65%
Vladivostok
56%
No matching quizzes found
Score Distribution
Percent of People with Each Score
Percentile by Number Answered
Your Score History
You have not taken this quiz